Mine vaganti /
Guardado en:
| Autor principal: | |
|---|---|
| Otros Autores: | , , , , , , |
| Formato: | |
| Lenguaje: | italiano |
| Publicado: |
[Roma] :
01 Distribution,
2010
|
| Etiquetas: |
Sin Etiquetas, Sea el primero en etiquetar este registro!
|
MARC
| LEADER | 00000ngm a22000007i 4500 | ||
|---|---|---|---|
| 001 | IT\ICCU\UMC\0857538 | ||
| 003 | ItRI | ||
| 005 | 20260124182822.0 | ||
| 008 | 100910s2010 it |||||||||||||||k|||||c | ||
| 024 | 3 | 1 | |a 8032807033129 |
| 028 | 4 | 2 | |a 03284 |b versione noleggio |
| 028 | 4 | 2 | |a 03312 |
| 040 | |b ita | ||
| 041 | 7 | |a ita |2 ISO-639-2 | |
| 082 | |a 791.43 |9 CINEMA |2 19 | ||
| 130 | 0 | |a Mine vaganti <film ; 2010> |3 IT\ICCU\LO1\1326809 | |
| 245 | 0 | 0 | |a Mine vaganti / |c un film di Ferzan Ozpetek ; soggetto e sceneggiatura Ivan Cotroneo, Ferzan Ozpetek ; musiche Pasquale Catalano ; fotografia Maurizio Calvesi. |
| 260 | |a [Roma] : |b 01 Distribution, |c 2010 | ||
| 300 | |a 1 DVD-Video (108 min.) ; |c in contenitore, 19 cm | ||
| 500 | |a Caratteristiche tecniche: regione 2; PAL; 2.35:1, anamorfico 16/9; DVD 9; Dolby digital 5.1; color | ||
| 500 | |a Titolo del contenitore | ||
| 500 | |a Produzione cinematografica Italia 2010 | ||
| 500 | |a Interpreti: Riccardo Scamarcio, Nicole Grimaudo, Alessandro Preziosi, Ennio Fantastichini | ||
| 500 | |a Lingue: italiano; sottotitoli: italiano per non udenti, inglese | ||
| 500 | |a Contenuti speciali: commento audio di Ferzan Ozpetek e Ivan Cotroneo; making of; making of breve; videoclip Nina Zilli; scene tagliate con commento opzionale; galleria fotografica; trailer. | ||
| 700 | 1 | |a Procacci, Domenico |0 IT\ICCU\LO1V\323690 |4 pro | |
| 700 | 1 | |a Fantastichini, Ennio |0 IT\ICCU\RAVV\088898 |4 act | |
| 700 | 1 | |a Cotroneo, Ivan |0 IT\ICCU\RAVV\092620 |4 sce | |
| 700 | 1 | |a Grimaudo, Nicole |0 IT\ICCU\RAVV\392129 |4 act | |
| 700 | 1 | |a Scamarcio, Riccardo |0 IT\ICCU\RAVV\403462 |4 act | |
| 700 | 1 | |a Preziosi, Alessandro |0 IT\ICCU\RAVV\409762 |4 act | |
| 700 | 1 | |a Ozpetek, Ferzan |0 IT\ICCU\REAV\096588 |4 drt | |
| 700 | 1 | |a Ozpetek, Ferzan |0 IT\ICCU\REAV\096588 |4 sce | |
| 700 | 1 | |a Catalano, Pasquale |0 IT\ICCU\UBOV\783848 |4 cmp | |
| 790 | 1 | |a Özpetek, Ferzan |3 IT\ICCU\CFIV\339778 |z Ozpetek, Ferzan | |
| 790 | 1 | |a Özpetek, Ferzan |3 IT\ICCU\CFIV\339778 |z Ozpetek, Ferzan | |
| 942 | |2 ddc |c VM |n 0 | ||
| 952 | |0 0 |1 0 |4 0 |6 VO_1827_000000000000000 |7 0 |9 26858 |a BO |b BO |d 2026-01-24 |i 14418 |l 0 |o VO 1827 |p BO14418 |r 2026-01-24 18:28:22 |w 2026-01-24 |x [Sebina 5] [1 dvd] |y VM |z 1 dvd (con dedica dello sceneggiatore) | ||
| 999 | |c 22720 |d 22720 | ||